| 000 | 00583aam a2200217 4500 | ||
|---|---|---|---|
| 005 | 20170110100512.0 | ||
| 008 | 150519b xxu||||| |||| 00| 0 spa d | ||
| 041 | _aspa | ||
| 082 | _a336.2 C8374L | ||
| 100 |
_aCosta Rica. Leyes, decretos, etc _91 |
||
| 245 | _aLey reguladora de todas las exoneraciones vigentes, su derogatoria y sus excepciones | ||
| 260 | _aCosta Rica | ||
| 260 | _bIJSA | ||
| 260 | _c1998 | ||
| 300 | _a39 páginas | ||
| 650 |
_aCOSTA RICA _935872 |
||
| 650 |
_aLEY 7293 _914203 |
||
| 650 |
_aIMPUESTOS _9704 |
||
| 650 |
_aDERECHO FISCAL _94600 |
||
| 942 | _cBK | ||
| 999 |
_c14 _d14 |
||